Fronteras fragmentadas /
Compilación que parte del estudio de los procesos migratorios que se desarrollan entre México y Estados Unidos para ofrecer una panorámica de las prácticas, problemas y procesos de grupos de migrantes y no migrantes, cuyas actuaciones sociales atraviesan las fronteras geopolíticas y culturales y ocu...
Shranjeno v:
| Glavni avtor: | |
|---|---|
| Format: | Knjiga |
| Jezik: | španščina |
| Izdano: |
Zamora, México : Morelia, México :
El Colegio de Michoacán ; Centro de Investigación y Desarrollo del Estado de Michoacán,
1999, c1999
|
| Teme: | |
| Oznake: |
Brez oznak, prvi označite!
|
MARC
| LEADER | 00000nam^a2200000^a^4500 | ||
|---|---|---|---|
| 001 | 000114777 | ||
| 005 | 20250521000000.0 | ||
| 009 | 20260310094031.855 | ||
| 020 | |a 970-679-012-8 | ||
| 037 | |a Acervo ITESO - Biblioteca | ||
| 041 | |a ESP | ||
| 082 | |a 304. 873072 |b MUM | ||
| 100 | |a Mummert, Gail |e (ed.) | ||
| 245 | 1 | 0 | |a Fronteras fragmentadas / |c Ed. de G. Mummert. |
| 264 | 4 | |a Zamora, México : |b El Colegio de Michoacán ; |a Morelia, México : |b Centro de Investigación y Desarrollo del Estado de Michoacán, |c 1999, c1999 | |
| 300 | |a 595 p. | ||
| 336 | |a texto |b txt |2 rdacontenido | ||
| 337 | |a sin mediación |b n |2 rdamedio | ||
| 338 | |a volumen |b nc |2 rdasoporte | ||
| 520 | |a Compilación que parte del estudio de los procesos migratorios que se desarrollan entre México y Estados Unidos para ofrecer una panorámica de las prácticas, problemas y procesos de grupos de migrantes y no migrantes, cuyas actuaciones sociales atraviesan las fronteras geopolíticas y culturales y ocurren en espacios sociales y geográficos discontinuos, en el marco de procesos mayores de globalización y transnacionalismo. | ||
| 649 | |a XX | ||
| 650 | |a Chicanos - |x Condiciones Sociales y Culturales | ||
| 650 | |a Migrantes Mexicanos - |x Condiciones Sociales y Culturales | ||
| 650 | |a Inmigración - |z EUA | ||
| 650 | |a Emigración - |z México | ||
| 650 | |a Migración | ||
| 650 | |a Transculturación | ||
| 650 | |a México (Frontera Norte) | ||
| 650 | |a Relaciones Interculturales | ||
| 650 | |a Sociología de la Cultura | ||
| 910 | |a Fondo General | ||
| 920 | |a Impresos - Libros | ||
| 930 | |a Colección General | ||
| 905 | |a 101 | ||
| 901 | |a 0500051877 |b IT1 |c ACC |u 20250521 | ||
| 902 | |a https://opac.biblio.iteso.mx/vufind/Record/000114777 | ||